Statistics for Every Rhythm Heaven Minigame Ever #QCCMusic

Click here to take the quiz!

General Stats

  • This quiz has been taken 6 times
  • The average score is 54 of 192

Answer Stats

Answer% Correct
Fillbots
80%
Fillbots 2
80%
Blue Bear
40%
Bunny Hop
40%
Cosmic Dance
40%
DJ School
40%
Drummer Duel
40%
Fan Club
40%
Fan Club 2
40%
First Contact
40%
Frog Hop
40%
Frog Hop 2
40%
Hole in One
40%
Hole in One 2
40%
Jumpin' Jazz
40%
Karate Man
40%
Karate Man!
40%
Karate Man 2
40%
Karate Man Returns!
40%
Lockstep
40%
Lockstep 2
40%
Love Lab
40%
Love Rap
40%
Love Rap 2
40%
Moai Doo-Wop
40%
Moai Doo-Wop 2
40%
Monkey Watch
40%
Packing Pests
40%
Packing Pests 2
40%
Remix 1
40%
Remix 10
40%
Remix 2
40%
Remix 3
40%
Remix 4
40%
Remix 5
40%
Remix 6
40%
Remix 7
40%
Remix 8
40%
Remix 9
40%
Screwbot Factory
40%
Screwbot Factory 2
40%
Second Contact
40%
Sick Beats
40%
Space Dance
40%
Space Soccer
40%
Space Soccer 2
40%
Sumo Brothers
40%
Tangotronic 3000
40%
The Clappy Trio
40%
The Clappy Trio 2
40%
Airboarder
20%
Air Rally
20%
Air Rally 2
20%
Animal Acrobat
20%
Barbershop Remix
20%
Big Rock Finish
20%
Blue Birds
20%
Blue Birds 2
20%
Board Meeting
20%
Bossa Nova
20%
Built to Scale
20%
Built to Scale 2
20%
Catch of the Day
20%
Catchy Tune
20%
Catchy Tune 2
20%
Cheer Readers
20%
Cheer Readers 2
20%
Citrus Remix
20%
Clap Trap
20%
Coin Toss
20%
Cosmic Rhythm Rally
20%
Crop Stomp
20%
Dog Ninja
20%
Donk-Donk
20%
Donut Remix
20%
Double Date
20%
Double Date 2
20%
Exhibition Match
20%
Figure Fighter
20%
Figure Fighter 2
20%
Figure Fighter 3
20%
Final Remix
20%
Flipper-Flop
20%
Flipper-Flop 2
20%
Flock Step
20%
Fork Lifter
20%
Freeze Frame
20%
Fruit Basket
20%
Fruit Basket 2
20%
Glee Club
20%
Glee Club 2
20%
Honeybee Remix
20%
Jungle Gymnast
20%
Karate Man Senior
20%
Kitties!
20%
Launch Party
20%
Left-Hand Remix
20%
Love Lizards
20%
LumBEARjack
20%
LumBEARjack 2
20%
Lush Remix
20%
Machine Remix
20%
Marching Orders
20%
Micro-Row
20%
Micro-Row 2
20%
Munchy Monk
20%
Munchy Monk 2
20%
Night Walk
20%
Ninja Bodyguard
20%
Pajama Party
20%
Power Calligraphy
20%
Rat Race
20%
Rhythm Rally
20%
Rhythm Rally 2
20%
Rhythm Tweezers
20%
Rhythm Tweezers 2
20%
Right-Hand Remix
20%
Ringside
20%
Rockers
20%
Rockers 2
20%
Samurai Slice
20%
Samurai Slice 2
20%
See-Saw
20%
Shoot-'Em-Up
20%
Shoot-'em-up
20%
Shoot-'Em-Up 2
20%
Shoot-'em-up 2
20%
Shrimp Shuffle
20%
Sneaky Spirits
20%
Sneaky Spirits 2
20%
Songbird Remix
20%
Spaceball
20%
Splashdown
20%
Splashdown 2
20%
Super Samurai Slice
20%
Super Samurai Slice 2
20%
Tambourine
20%
Tap Trial
20%
Tap Trial 2
20%
Tap Troupe
20%
The Dazzles
20%
The Dazzles 2
20%
The Snappy Trio
20%
Tongue Lashing
20%
Working Dough
20%
Working Dough 2
20%
Crossy Chicken
0%

Score Distribution

Percentile by Number Answered

Percent of People with Each Score

Your Score History

You have not taken this quiz